Normal view
MARC view
- Patel,Bhavesh M
Entry Personal Name
001 - CONTROL NUMBER
- control field: 521
003 - CONTROL NUMBER IDENTIFIER
- control field: JO-AjAnu
005 - DATE AND TIME OF LATEST TRANSACTION
- control field: 20230606070406.0
008 - FIXED-LENGTH DATA ELEMENTS
- fixed length control field: 230606|| aca||aabn | a|a d
040 ## - CATALOGING SOURCE
- Original cataloging agency: JO-AjAnu
- Transcribing agency: JO-AjAnu
100 ## - HEADING--PERSONAL NAME
- Personal name: Patel,Bhavesh M
670 ## - SOURCE DATA FOUND
- Source citation: Work cat.: (JO-AjAnu)277: Patel,Bhavesh M, author, Project Management: Financial Evaluation with Strategic Planning Networking and Control